[Event "Dhaka SGS op"]
[Site "Dhaka"]
[Date "2017.06.03"]
[Round "1"]
[White "Louis, Mrong"]
[Black "Hossain, Showkat Pollab"]
[Result "0-1"]
[WhiteElo "1663"]
[BlackElo "2126"]
[PlyCount "104"]
[EventDate "2017.06.03"]
[EventType "swiss"]
[EventRounds "9"]
[EventCountry "BAN"]
[SourceTitle "EXT 2019"]
[Source "ChessBase"]
[SourceDate "2018.10.10"]
[SourceVersion "1"]
[SourceVersionDate "2018.10.10"]
[SourceQuality "1"]

1. e4 c5 2. Nc3 Nc6 3. g3 g6 4. Bg2 Bg7 5. Nge2 e6 6. 0-0 Nge7 7. d3 Nd4 8. Nxd4 cxd4 9. Ne2 0-0 10. Bg5 h6 11. Bxe7 Qxe7 12. f4 d6 13. h3 Bd7 14. c3 dxc3 15. bxc3 Rac8 16. Rc1 Qd8 17. Qb3 Qc7 18. Kh2 Kh7 19. d4 b5 20. e5 Qc4 21. Qxc4 Rxc4 22. exd6 Rfc8 23. Be4 Bf8 24. Bb7 Rb8 25. Be4 Bxd6 26. Bd3 Ra4 27. Rc2 Bc6 28. Ng1 Bd5 29. Rff2 Ra3 30. Nf3 Kg7 31. Ne5 a6 32. Rfd2 Bxe5 33. fxe5 Rc8 34. Kg1 Raxc3 35. Rxc3 Rxc3 36. Kf2 Ra3 37. Ke3 Bxa2 38. Ke2 Bd5 39. Rc2 Bg2 40. h4 Bf1+ 41. Kxf1 Rxd3 42. Rc6 Rxd4 43. Rxa6 Re4 44. Kf2 Rxe5 45. Kf3 h5 46. Rb6 Kf6 47. Rd6 Rd5 48. Rb6 Kf5 49. Rb7 f6 50. Ke3 Kg4 51. Rb6 Re5+ 52. Kd4 Kxg3 0-1